ExamInsight for CompTIA Security+ certification exam SY0-101 (Record no. 162818)
[ view plain ]
| 000 -LEADER | |
|---|---|
| fixed length control field | 01739nam a2200409Ia 4500 |
| 082 04 - DEWEY DECIMAL CLASSIFICATION NUMBER | |
| Classification number | 005.8/076 |
| 100 1# - MAIN ENTRY--AUTHOR NAME | |
| Personal name | Catura-Houser, Tim. |
| 245 10 - TITLE STATEMENT | |
| Title | ExamInsight for CompTIA Security+ certification exam SY0-101 |
| 250 ## - EDITION STATEMENT | |
| Edition statement | 2nd ed. |
| 260 ## - PUBLICATION, DISTRIBUTION, ETC. (IMPRINT) | |
| Place of publication | Friendswood, Tex. : |
| Name of publisher | TotalRecall Publications, Inc., |
| Year of publication | c2002. |
| 300 ## - PHYSICAL DESCRIPTION | |
| Number of Pages | xxix, 537 p. : |
| Other physical details | ill. |
| 500 ## - GENERAL NOTE | |
| General note | Study guide for CompTIA SYO-101 Security+ exam. |
| 650 #0 - SUBJECT ADDED ENTRY--TOPICAL TERM | |
| Topical Term | Electronic data processing personnel |
| Topical Term | Computer networks |
| Topical Term | Computer security |
| 700 1# - ADDED ENTRY--PERSONAL NAME | |
| Personal name | O'Boyle, Helen. |
| Personal name | Kayne, Ian. |
| Personal name | Hebert, Angella. |
| Personal name | Woznicki, Michael. |
| Personal name | Moreno, Alex. |
| 856 40 - ELECTRONIC LOCATION AND ACCESS | |
| Uniform Resource Identifier | http://site.ebrary.com/lib/rucke/Doc?id=10032032 |
No items available.
